Ten Largest Metro Areas in Some U.S. Megaregions - Statistics

General Stats
  • This quiz has been taken 153 times
  • The average score is 36 of 50
Answer Stats
Answer % Correct
Northeast 4,837K Boston
99%
Northeast 20,321K New York
99%
Northeast 6,096K Philadelphia
97%
Northeast 6,217K Washington
97%
Northeast 2,808K Baltimore
96%
Florida 6,159K Miami
95%
Piedmont Atlantic 5,885K Atlanta
94%
Florida 2,510K Orlando
94%
Great Lakes 9,533K Chicago
93%
Great Lakes 4,313K Detroit
93%
Florida 3,091K Tampa
93%
Piedmont Atlantic 2,525K Charlotte
92%
Florida 1,505K Jacksonville
92%
Northern California 4,727K San Francisco
89%
Piedmont Atlantic 1,335K Raleigh
88%
Great Lakes 2,059K Cleveland
87%
Great Lakes 2,333K Pittsburgh
86%
Northeast 1,621K Providence
86%
Great Lakes 2,179K Cincinnati
85%
Great Lakes 2,079K Columbus
85%
Northern California 1,998K San Jose
85%
Great Lakes 3,601K Minneapolis
84%
Piedmont Atlantic 1,903K Nashville
84%
Piedmont Atlantic 1,348K Memphis
83%
Northern California 2,325K Sacramento
83%
Northeast 1,210K Hartford
80%
Northeast 1,294K Richmond
79%
Northern California 989K Fresno
78%
Great Lakes 5,928K* Toronto
77%
Great Lakes 2,807K St. Louis
75%
Piedmont Atlantic 761K Greensboro
72%
Northeast 1,725K Virginia Beach
71%
Northeast 950K Bridgeport
65%
Great Lakes 2,129K Kansas City
63%
Piedmont Atlantic 567K Durham
61%
Northern California 745K Stockton
58%
Piedmont Atlantic 1,150K Birmingham
55%
Piedmont Atlantic 668K Winston-Salem
52%
Florida 739K Cape Coral
49%
Florida 649K Deltona
45%
Northern California 548K Modesto
45%
Florida 473K Port St. Lucie
44%
Piedmont Atlantic 896K Greenville
42%
Florida 686K Lakeland
39%
Northern California 465K Reno
38%
Northern California 504K Santa Rosa
30%
Northern California 464K Visalia
23%
Northern California 445K Vallejo
21%
Florida 589K Palm Bay
20%
Florida 805K North Port
10%
No matching quizzes found
Score Distribution
Percent of People with Each Score
Percentile by Number Answered
Your Score History
You have not taken this quiz